Loreto College Library, Kolkata
WEBOPAC (ONLINE PUBLIC ACCESS CATALOGUE)

Women and Educational Development, (Record no. 12715)

MARC details
000 -LEADER
fixed length control field 00598nam a2200229Ia 4500
005 - DATE AND TIME OF LATEST TRANSACTION
control field 20240311102839.0
008 - FIXED-LENGTH DATA ELEMENTS--GENERAL INFORMATION
fixed length control field 131103s9999 xx 000 0 und d
020 ## - ISBN | অাই এস বি এন
ISBN | অাই এস বি এন 8176250929
PRICE Rs.950.00
040 ## - CATALOGING SOURCE
Original cataloging agency Loreto College
041 ## - LANGUAGE CODE
Language code English
082 ## - DDC | ডিউই
Classification number | বর্গসংখ্যা 371.822
Book Number | গ্রন্থাঙ্ক GUP
100 ## - MAIN ENTRY--PERSONAL NAME | মুখ্য সংলেখ - ব্যাক্তিনাম
Personal name | ব্যাক্তিনাম Gupta Mukta
245 ## - TITLE STATEMENT | অাখ্যা বিবরণী
Title | অাখ্যা Women and Educational Development,
Statement of responsibility | লেখকের দায়িত্বের বিবরণ Mukta Gupta
260 ## - IMPRINT | প্রকাশনা ক্ষেত্র
Place of publication | প্রকাশ স্থান New Delhi
Name of publisher | প্রকাশকের নাম Sarup and Sons
Date of publication | প্রকাশ কাল 2000
300 ## - PHYSICAL DESCRIPTION |
Page / Vol. No | পৃষ্ঠা / খন্ড সংখ্যা 245p
Other physical details | অনান্য বাহ্যিক বিবরণ tables, graphs
630 ## - SUBJECT ADDED ENTRY--UNIFORM TITLE
Uniform title Feminism
630 ## - SUBJECT ADDED ENTRY--UNIFORM TITLE
Uniform title Gender Studies
650 ## - SUBJECT ADDED ENTRY--TOPICAL TERM | বিষয় শিরোনাম - মূল বিষয়
Topical term | মূল বিষয় Women Issues
651 ## - SUBJECT ADDED ENTRY--GEOGRAPHIC NAME | বিষয় শিরোনাম - ভৌগলিক নাম
Geographic name | ভৌগলিক বিষয় Women Studies
850 ## - HOLDING INSTITUTION
Holding institution LCLIB
942 ## - ADDED ENTRY ELEMENTS (KOHA)
Koha item type Books
Holdings
Withdrawn status Lost status Source of classification Damaged status Not for loan Home library Current library Date acquired Total Checkouts Full call number Accession No. Date last seen Price effective from Koha item type Coded location qualifier
    Dewey Decimal Classification     Loreto College Loreto College 04/11/2013   371.822 GUP 44614 B12678 04/11/2013 04/11/2013 Books